000 00710nam a2200229Ia 4500
005 20220210100526.0
008 210716s2008 xx 000 0 und d
020 _a9788180522369
040 _cAIMIT LIBRARY
041 _aeng
082 _a651.7
_22
_bBHAR
100 _aBhatia, R C.
_918877
245 _aBusiness communication /
_cBy R. C. Bhatia.
250 _a2nd ed.
_bAne's Student Edition.
260 _aNew Delhi :
_bAne Books India ,
_c2008.
300 _axxvi, 582p
_c24 cm.
650 _aBusiness Communication
_918878
650 _aBusiness Correspondence
_918879
650 _aBanking Correspondence
_918880
650 _aOfficial Correspondence
_918881
942 _2ddc
_cBK
_e2nd
_k651.7 BHAR
999 _c204104
_d204104